Matrimonio y moral
Saved in:
| Main Author: | |
|---|---|
| Format: | Book |
| Language: | Spanish |
| Published: |
Buenos Aires
Siglo Veinte
1971
|
| Subjects: | |
| Tags: |
Add Tag
No Tags, Be the first to tag this record!
|
MARC
| LEADER | 00000nam a2200000 a 4500 | ||
|---|---|---|---|
| 001 | UCG1868 | ||
| 003 | CL-VaPUC | ||
| 008 | 100520e19710000AG |||||||||||||||||spa|d | ||
| 082 | 0 | 4 | |a 173 |b RUS |2 21 |
| 100 | 0 | |a Russell, Bertrand Arthur |e author |9 549962 | |
| 245 | 1 | 0 | |a Matrimonio y moral |
| 300 | |a 213 p | ||
| 942 | |c BK | ||
| 945 | |d 20100520 00:00:00 |a dcastane | ||
| 260 | |a Buenos Aires |b Siglo Veinte |c 1971 | ||
| 650 | 7 | |a MATRIMONIO |2 CL-VaPUC |9 549963 | |
| 650 | 7 | |a ETICA DEL MATRIMONIO |2 CL-VaPUC |9 549964 | |
| 583 | |a last modification |c 20100520 00:00:00 |k Rodrigo Vera | ||
| 999 | |c 341126 |d 341124 | ||
| 952 | |0 0 |1 0 |4 0 |6 173_000000000000000_RUS_1971 |7 0 |8 P |9 436408 |a BIBEDU |b BIBEDU |c BIBEDU_PB |d 2019-11-22 |i 4678354 |o 173 RUS 1971 |p 4678354 |r 2024-01-25 |w 2019-11-22 |y BK |k EPE | ||